| 000 | 00696nam a22001817a 4500 | ||
|---|---|---|---|
| 003 | AUA.1 | ||
| 005 | 20251119171753.0 | ||
| 008 | 250711b |||||||| |||| 00| 0 eng d | ||
| 040 | _cJTL | ||
| 100 | _aAricha, Peter Omundi | ||
| 245 |
_aAssessing the phenomenon of backsliding among men in the selected congregations in Nyamira West Field, East Kenya Union Conference / _cPeter Omundi Aricha. |
||
| 260 | _cc2025. | ||
| 300 |
_axiv, 231 leaves : _bIllustration : _c30cm. |
||
| 610 |
_aSeventh-day Adventist Church : _bNyamira West Field, East Kenya Union Conference _zKenya |
||
| 650 | _aChristian life | ||
| 650 |
_aEx-church members _911090 |
||
| 942 |
_2aua _cDISS _hDMin _i.A75 2025 |
||
| 999 |
_c25196 _d25196 |
||